000 00515cam a2200205 4500
001 D1259
008 090401t1983 xxu||||| |||| 00| 0 eng d
035 _a(Sirsi) u63294
041 _aeng
050 _a336.21026
100 _aBarnfield, J.O.
245 _aRating law and practice
250 _a2nd
260 _aLondon
_bRating and Valuation Association
_c1983
300 _axii. 90p. 21cm
350 _a5
520 _a2nd edition supplement by J.O.Barnfield et al.
942 _n0
948 _c04/03/1997
999 _c94526
_d94526